Представление документа в формате MARC21

Поле Инд. ПП Название Значение
Тип записи a
Библиографический уровень m
001 Контрольный номер RU/LIBMSTU/285768208
005 Дата корректировки 20140529132929.2
008 Кодируемые данные 090123|||||||||ru |||||||||||000|||rus||
020 a ISBN 978-5-8459-1311-1
c Цена, тираж 1005-00
040 b Код языка каталог. rus
041 a Код языка текста rus
084 a Индекс другой классификации/Индекс ББК 65.263
090 a Полочн. индекс 65.263
x Авторский знак Б 75
100 1_ a Автор Боди З.
245 10 a Заглавие Принципы инвестиций
250 a Основные сведения об издании 4-е изд.
260 a Место издания Москва [и др.]
b Издательство Вильямс
c Дата издания 2008
300 a Объем 982 с.
b Иллюстрации/ тип воспроизводства ил.
504 a Библиография Библиогр.: с. 953-958
650 a Основная рубрика Инвестиции-Учебные издания для высших учебных заведений
653 a Ключевые слова Инвестиции
a Ключевые слова Инвесторы
a Ключевые слова Опционы
a Ключевые слова Портфельная теория
a Ключевые слова Рынки финансовые
a Ключевые слова Фьючерсы
a Ключевые слова Ценные бумаги
700 a Другие авторы Кейн А.
700 1_ a Другие авторы Маркус А. Д.
901 t Тип документа m